Responses for show #7741 - Monday, April 16, 2018

2018 College Championship semifinal game 1.

Contestants

[<< previous game]

Jordan Goodson, a senior at Columbia University from McLean, Virginia

William Scott, a freshman at Tufts University from Los Altos, California

Rebecca Rosenthal, a sophomore at Swarthmore College from Ridgewood, New Jersey

[next game >>]

Jeopardy! Round responses

DISNEY CHANNEL MOVIES FLASHBACK
PEOPLE & PLACES
COMPUTER STUFF
HODGEPODGE
YES, MAMMAL!
HETERONYMS
(Alex: Two words that are spelled the same, but as you know, pronounced differently. And in each case, we want both words from you.)
    $200 22
babysitting

William
    $200 16
a Hamburger

William
    $200 11
a charger (or battery)

William
    $200 26
a fidget spinner

Rebecca
    $200 1
a dolphin

Rebecca
    $200 4
desert [DES-ert] and desert [de-SERT]

Jordan
    $400 21
High School Musical

William
    $400 17
Scotland

Jordan
    $400 12
a ghost

William
    $400 27
a turkey

Rebecca
    $400 2
an armadillo

Rebecca
    $400 5
a shower [SHO-er] and a shower [SHAU-er]

William
    $600 20
Camp Rock

Rebecca
    $600 23
Cambodia

William
    $600 13
Safari

Rebecca
    $600 28
(Rebecca: Who is Emma Stone?)

Blake Lively

RebeccaJordan
    $600 3
a koala

William
    $600 6
does [DOHZ] and does [DUHZ]

Rebecca
    $800 19
Frenemies

Jordan
    $800 24
Aborigines

Rebecca
    $800 14
protocol

Triple Stumper
    $800 29
Hokkaido

William
    $800 9
a fox

William
    $800 7
refuse [re-FUSE] and refuse [REF-use]

Rebecca
    $1000 18
Luck of the Irish

Jordan
    $1000 25
Han

William
    $1000 15
Alienware

Rebecca
    $1000 30
the Hanseatic League

William
    $2,800 10
an aardvark

William
    $1000 8
Polish and polish

William

Scores at the first commercial break (after clue 15):

Rebecca William Jordan
$3,600 $6,200 $200

Scores at the end of the Jeopardy! Round:

Rebecca William Jordan
$5,000 $10,400 $3,000

Double Jeopardy! Round responses

COLLEGE HONORS
FIRST IN YOUR CLASS
THE DEANS LIST
ROADS SCHOLAR
LETTER MEN
"MAG"NA CUM LAUDE
    $400 17
the Emmys

William
    $400 14
West Point

William
    $400 10
Supergirl

Jordan
    $400 7
Baker Street

Rebecca
    $400 6
(J.D.) Salinger

William
    $400 20
magnify

Rebecca
    $800 27
journalism

Jordan
    $800 15
(William: Who is Levi?)

Levi Strauss

WilliamJordan
    $1,200 11
On the Road

Jordan
    $800 18
interstate

William
    $800 5
(C.S.) Lewis

William
    $800 12
a magpie

Rebecca
    $1200 28
Louisville

William
    $1200 16
Berkeley

William
    $1200 13
the Segway

William
    $1200 19
Simon Bolivar

William
    $1200 4
(A.A.) Milne

Rebecca
    $1200 1
Magneto

Rebecca
    $1600 29
the Kennedy Center

Rebecca
    $8,000 25
(John D.) Rockefeller

Rebecca
    $1600 23
Watergate

Rebecca
    $1600 21
the Rue Morgue

Rebecca
    $1600 8
T.S. Eliot

William
    $1600 2
magnanimous

William
    $2000 30
Spike Lee

Triple Stumper
    $2000 26
(Rebecca: What is a heart?)

a kidney

RebeccaWilliam
    $2000 24
Howard Dean

Triple Stumper
    $2000 22
(Jordan: What is Amsterdam?)

Berlin

Jordan
Triple Stumper
    $2000 9
(Jordan: Who is Rushdie?)

V.S. Naipaul

Jordan
Triple Stumper
    $2000 3
the Magyars

Rebecca

Scores at the end of the Double Jeopardy! Round:

Rebecca William Jordan
$21,800 $22,400 $2,200

[wagering suggestions for these scores]

Final Jeopardy! Round responses

GREEK MYTHOLOGY
JordanWho is Achilles
$2,199
RebeccaWho is Achilles?
$21,800
WilliamWho is Achilles?
$21,201
Achilles

Final scores:

Rebecca William Jordan
$43,600 $43,601 $4,399
2nd place: $10,000 Finalist 3rd place: $10,000

Game dynamics:

Coryat scores:

Rebecca William Jordan
$15,400 $20,600 $1,800
20 R
(including 1 DD),
2 W
26 R
(including 1 DD),
1 W
9 R
(including 1 DD),
2 W

Combined Coryat: $37,800

The J! Archive is created by fans, for fans. The Jeopardy! game show and all elements thereof, including but not limited to copyright and trademark thereto, are the property of Jeopardy Productions, Inc. and are protected under law. This website is not affiliated with, sponsored by, or operated by Jeopardy Productions, Inc. Join the discussion at JBoard.tv.